000 00702nam a22002057a 4500
999 _c13315
_d13315
003 AR-CdUCM
008 190411b ||||| |||| 00| 0 spa d
040 _aMUNICIPALIDAD PROVINCIAL DEL CUSCO
_cBIBLIOTECA MUNICIPAL DEL CUSCO
082 _a541.3 /
_bF46
100 _aFialkov, Y.
_931673
245 _aEn el mundo de la química :
_b(La novena cifra decimal) /
260 _aBuenos Aires :
_bCartago,
_c1967.
300 _a160 páginas ;
_c20 cm.
505 _aContenido : Los primeros peldaños -- La alquimia del siglo XX -- Lo grande en el pequeño ...
650 _aQuímica
_94512
650 _aAlquimia
_916201
650 _aHistoria
_9136
942 _2ddc
_cLIBROS
945 _arah
_d11/04/2019